| 000 | 00914nam a22002657a 4500 | ||
|---|---|---|---|
| 999 |
_c65410 _d65410 |
||
| 005 | 20240530110823.0 | ||
| 008 | 190724s2019 ua g 000 0 ara d | ||
| 017 |
_a2018/19827 _bمصر. دار الكتب |
||
| 020 | _a9789778123579 | ||
| 040 |
_aEG-CaGPL _cEG-CaGPL |
||
| 082 | 0 | 4 |
_221 _a327.116/ _bج ج |
| 100 | 0 | _aجهاد عودة | |
| 245 | 1 | 0 |
_aجدل الحرب والاحلاف فى صناعة الشرق الاوسط الجديد / _cجهاد عودة |
| 250 | _aط.1 | ||
| 260 |
_aالقاهرة : _bالمكتب العربى للمعارف، _c2019. |
||
| 300 |
_a443 ص. ؛ _c24 سم. |
||
| 650 | 0 | 7 |
_2qrmak _aالاحلاف |
| 650 | 0 | 7 |
_2qrmak _aالمعاهدات |
| 650 | 0 | 7 |
_2qrmak _aالامن الدولى |
| 650 | 0 | 7 |
_2qrmak _aالتعاون الدولى |
| 650 | 0 | 7 |
_2qrmak _aالمفاوضات |
| 651 | _2qrmak | ||
| 942 |
_2ddc _cBK |
||